Pakistan`s Economy at the Cross Roads (Record no. 12317)

MARC details
000 -LEADER
fixed length control field 00644nam a2200253 a 4500
020 ## - INTERNATIONAL STANDARD BOOK NUMBER
ISBN 0199398
082 00 - DEWEY DECIMAL CLASSIFICATION NUMBER
Classification number 330.095491
Author Cutter HAS
100 ## - MAIN ENTRY--AUTHOR NAME
Author name Hasan, Parvez
245 ## - TITLE STATEMENT
Title Pakistan`s Economy at the Cross Roads
260 ## - PUBLICATION, DISTRIBUTION, ETC. (IMPRINT)
Place of publication Londan
Name of publisher Oxford University Press
Year of publication 1998
300 ## - PHYSICAL DESCRIPTION
Number of Pages 376p
500 ## - GENERAL NOTE
General note includes index and biblioraphy
505 2# - FORMATTED CONTENTS NOTE
Formatted contents note Index
650 ## - SUBJECT ADDED ENTRY--TOPICAL TERM
Topical Term Economics-Pakistan
650 ## - SUBJECT ADDED ENTRY--TOPICAL TERM
Topical Term Pakistan-Economics
942 ## - ADDED ENTRY ELEMENTS (KOHA)
Koha item type Books
700 1# -
-- Hasan, Parvez
Holdings
Collection code Home library Current library Date acquired Cost, normal purchase price Full call number Accession Number Koha item type
  Henry Martyn Institute Library Henry Martyn Institute Library 04/25/2007 495.00 330.095491 HAS 018779 Books
                   Copyright © 2026 | Henry Martyn Institute | Hyderabad | TS-500052 | INDIA | Implemented by hmi.edu.in
Hit-Count:

Powered by Koha